000 01026cam a2200241 4500
001 ABS63848
008 000000n2001 000 0 eng u
035 _a(Sirsi) u112100
100 _aHemsley, A.
245 2 _aA declaration of war
260 _c2001
490 _aBuilding
_v266(8176) 16 March 2001, 64(1)
520 _aDiscusses prime contracting which is due to be used across many areas with Defence Estates and NHS Estates about to set their procedures in motion. The process is coordinated to offer a single point of contact for the client and changes the often adversarial nature of construction. However criticism is made of the proposed dispute resolution board which could leave the relevant parties with unresolved and complex problems.
590 _aABS
650 _aPRIME CONTRACTING
650 _aDEFENCE ESTATES
650 _aNHS ESTATES
650 _aDISPUTE RESOLUTION
_96236
650 _aPARTNERING
650 _aCONSTRUCTION DISPUTES
690 _aDispute resolution
_96236
942 _n0
999 _c66760
_d66760